Introduction to rock mechanics / (Record no. 532207)

000 -LEADER
fixed length control field 00931pam a2200289 a 4500
001 - CONTROL NUMBER
control field 1951226
003 - CONTROL NUMBER IDENTIFIER
control field NUST
005 - DATE AND TIME OF LATEST TRANSACTION
control field 20191112185854.0
008 - FIXED-LENGTH DATA ELEMENTS--GENERAL INFORMATION
fixed length control field 871214s1989 nyua b 001 0 eng
010 ## - LIBRARY OF CONGRESS CONTROL NUMBER
LC control number 87034689
020 ## - INTERNATIONAL STANDARD BOOK NUMBER
International Standard Book Number 0471812005
038 ## - RECORD CONTENT LICENSOR
Staff Name M.Ramzan
040 ## - CATALOGING SOURCE
Original cataloging agency DLC
Transcribing agency DLC
Modifying agency DLC
050 00 - LIBRARY OF CONGRESS CALL NUMBER
Classification number TA706
Item number .G65 1989
082 00 - DEWEY DECIMAL CLASSIFICATION NUMBER
Classification number 624.15132
Edition number 19
Author Mark GOO
100 1# - MAIN ENTRY--PERSONAL NAME
Personal name Goodman, Richard E.
9 (RLIN) 25576
245 10 - TITLE STATEMENT
Title Introduction to rock mechanics /
Statement of responsibility, etc. Richard E. Goodman.
250 ## - EDITION STATEMENT
Edition statement 2nd ed.
260 ## - PUBLICATION, DISTRIBUTION, ETC.
Place of publication, distribution, etc. New York :
Name of publisher, distributor, etc. Wiley,
300 ## - PHYSICAL DESCRIPTION
Extent xiii, 562 p. :
Other physical details ill. ;
Dimensions 24 cm.
504 ## - BIBLIOGRAPHY, ETC. NOTE
Bibliography, etc. note Includes bibliographies and index.
650 #0 - SUBJECT ADDED ENTRY--TOPICAL TERM
Topical term or geographic name entry element Rock mechanics.
9 (RLIN) 23489
856 42 - ELECTRONIC LOCATION AND ACCESS
Materials specified Publisher description
Uniform Resource Identifier <a href="http://www.loc.gov/catdir/description/wiley033/87034689.html">http://www.loc.gov/catdir/description/wiley033/87034689.html</a>
856 4# - ELECTRONIC LOCATION AND ACCESS
Materials specified Table of Contents
Uniform Resource Identifier <a href="http://www.loc.gov/catdir/toc/onix04/87034689.html">http://www.loc.gov/catdir/toc/onix04/87034689.html</a>
906 ## - LOCAL DATA ELEMENT F, LDF (RLIN)
a 7
b cbc
c orignew
d 1
e ocip
f 19
g y-gencatlg
942 ## - ADDED ENTRY ELEMENTS (KOHA)
Source of classification or shelving scheme
Koha item type Book
Holdings
Withdrawn status Lost status Source of classification or shelving scheme Damaged status Not for loan Permanent Location Current Location Date acquired Total Checkouts Full call number Barcode Date last seen Price effective from Koha item type
          School of Civil and Environmental Engineering (SCEE) School of Civil and Environmental Engineering (SCEE) 11/12/2019   624.15132 GOO NIT-9983 11/12/2019 11/12/2019 Book
© 2023 Central Library, National University of Sciences and Technology. All Rights Reserved.